Companies Act, 1965 (Act 125) & subsidiary legislation : (as at 25th September 1992)

Bibliographic Details
Format: Book
Published: Kuala Lumpur : International Law Book Services , 1992
Subjects:

MARC

LEADER 00000cam a2200000 7i4500
001 0000007220
005 20201015.0
020 |a 9678905159 
040 |a INS 
090 0 0 |a KPG956.A311965   |b M34 1992 
245 1 0 |a Companies Act, 1965 (Act 125) & subsidiary legislation :   |b (as at 25th September 1992)   |c compiled by Legal Research Board 
260 |a Kuala Lumpur :   |b International Law Book Services ,   |c 1992 
300 |a 483p. ;   |c 24 cm. 
650 0 0 |a Corporation law   |z Malaysia 
999 |a 0000004944   |b BOOK   |c Acts   |e Default branch